<?xml version="1.0" encoding="UTF-8"?>
<record
    xmlns:xsi="http://www.w3.org/2001/XMLSchema-instance"
    xsi:schemaLocation="http://www.loc.gov/MARC21/slim http://www.loc.gov/standards/marcxml/schema/MARC21slim.xsd"
    xmlns="http://www.loc.gov/MARC21/slim">

  <leader>03570nam a22002777a 4500</leader>
  <controlfield tag="003">OSt</controlfield>
  <controlfield tag="005">20251121123540.0</controlfield>
  <controlfield tag="007">ta</controlfield>
  <controlfield tag="008">201029b        2006 dr  00| 0 eng d</controlfield>
  <datafield tag="040" ind1=" " ind2=" ">
    <subfield code="a">DO-SdBNP</subfield>
    <subfield code="b">spa</subfield>
    <subfield code="c">BNPHU</subfield>
  </datafield>
  <datafield tag="082" ind1=" " ind2="4">
    <subfield code="a">345.05</subfield>
    <subfield code="b">R426c, 2006</subfield>
    <subfield code="2">22</subfield>
  </datafield>
  <datafield tag="110" ind1="1" ind2=" ">
    <subfield code="a">Rep&#xFA;blica Dominicana.</subfield>
    <subfield code="b">Comisionado de Apoyo a la Reforma y Modernizaci&#xF3;n de la Justicia</subfield>
    <subfield code="9">17179</subfield>
  </datafield>
  <datafield tag="245" ind1="1" ind2="0">
    <subfield code="a">Compendio de la normativa procesal penal /</subfield>
    <subfield code="c"> presentaci&#xF3;n Alejandro Moscoso Segarra ; pr&#xF3;logo C&#xE9;sar Pina Toribio  </subfield>
  </datafield>
  <datafield tag="246" ind1="0" ind2="4">
    <subfield code="a">Compendio de la normativa procesal penal dominicana</subfield>
  </datafield>
  <datafield tag="250" ind1=" " ind2=" ">
    <subfield code="a">2a. ed. ampliada </subfield>
  </datafield>
  <datafield tag="260" ind1=" " ind2=" ">
    <subfield code="a">Santo Domingo :</subfield>
    <subfield code="b">CAMJ,</subfield>
    <subfield code="c">2006.</subfield>
  </datafield>
  <datafield tag="300" ind1=" " ind2=" ">
    <subfield code="a">564 p. ; </subfield>
    <subfield code="c">22 cm. </subfield>
  </datafield>
  <datafield tag="505" ind1="0" ind2=" ">
    <subfield code="a">Presentaci&#xF3;n --</subfield>
    <subfield code="t">Pr&#xF3;logo -- </subfield>
    <subfield code="t">Ley No. 76 /02 que establece el c&#xF3;digo procesal penal de la republica dominicana -- </subfield>
    <subfield code="t">Ley No. 278 / 04 sobre la implementaci&#xF3;n del proceso penal instituido por la ley No.76 -- 02</subfield>
    <subfield code="t"> Ley No.78 /03 que aprueba el estatuto del ministerio p&#xFA;blico -- </subfield>
    <subfield code="t">Ley No. 277/ 04 que crea el servicio nacional de defensa publica -- </subfield>
    <subfield code="t">Ley No. 96 /04 ley institucional de la polic&#xED;a nacional -- </subfield>
    <subfield code="t">Decretos </subfield>
    <subfield code="t">Dec. No. 420 / 02 que crea la comisi&#xF3;n nacional de ejecuci&#xF3;n --</subfield>
    <subfield code="t">Dec. No. 644 / 03 que aprueba el reglamento de integraci&#xF3;n del consejo general de procuradores -- </subfield>
    <subfield code="t">Dec. No. 873 / 04 que dispone que los miembros del ministerio p&#xFA;blico tendr&#xE1;n car&#xE1;cter de provisionales y podr&#xE1;n ser sustituidos por el presidente de la rep&#xFA;blica en cualquier momento -- </subfield>
    <subfield code="t">Dec. No. 1154/ 04 que modifica el art&#xED;culo 1 del decreto no. 420 -- 02, de fecha 6 de julio del 2002, integra nuevamente la comisi&#xF3;n nacional de ejecuci&#xF3;n de la reforma procesal penal --</subfield>
    <subfield code="t">Dec. No. 318-05 que le otorga la condici&#xF3;n de vicepresidente ejecutivo de la (CONAE al Comisionado de Apoyo a la Reforma y Modernizaci&#xF3;n  de la justicia e integra a la defensa p&#xFA;blica  como miembro del pleno de la  comisi&#xF3;n --</subfield>
    <subfield code="t">Dec. No. 09-06 que aprueba el reglamento de la carrera del ministerio p&#xFA;blico --</subfield>
    <subfield code="t">Resoluciones Suprema Corte de Justicia  </subfield>
    <subfield code="t"> Resoluci&#xF3;n No. 1920 /03 sobre medidas anticipadas -- </subfield>
    <subfield code="t"> Resoluci&#xF3;n No. 296-2005  reglamento del juez de ejecuci&#xF3;n de las penas --</subfield>
    <subfield code="t"> Resoluci&#xF3;n No. 1731-2005 reglamento sobre medidas de coerci&#xF3;n y celebraci&#xF3;n de audiencias durante la etapa preparatoria --</subfield>
    <subfield code="t"> Resoluci&#xF3;n No. 1732-2005 reglamento para la tramitaci&#xF3;n  de notificaciones, citaciones y comunicaciones judiciales --</subfield>
    <subfield code="t"> Resoluci&#xF3;n No. 1733-2005 reglamento para el funcionamiento de la oficina judicial de servicios de atenci&#xF3;n permanente </subfield>
    <subfield code="t"> Resoluci&#xF3;n No. 1734-2005 reglamento para la gesti&#xF3;n administrativa de los secretarios (as) de los tribunales al amparo del c&#xF3;digo procesal penal --</subfield>
    <subfield code="t"> Resoluci&#xF3;n No. 1735-2005 reglamento para los tribunales  colegiados de primera instancia --</subfield>
    <subfield code="t">Procuradur&#xED;a general de la Rep&#xFA;blica </subfield>
    <subfield code="t"> Resoluci&#xF3;n No. 14786-03 sobre pautas al Ministerio Publico --</subfield>
    <subfield code="t"> Resoluci&#xF3;n No. 12437-04 sobre criterio de oportunidad en casos de tr&#xE1;nsito --</subfield>
    <subfield code="t"> Resoluci&#xF3;n No.14383-2005  que crea el reglamento operativo de las oficinas de control de evidencias dell Ministerio Publico --</subfield>
    <subfield code="t"> Resoluci&#xF3;n No.14390-2005 que crea la unidad de custodia y administraci&#xF3;n de bienes incautados del  Ministerio Publico --</subfield>
  </datafield>
  <datafield tag="590" ind1=" " ind2=" ">
    <subfield code="a">Inventariado, 2021 / DG</subfield>
  </datafield>
  <datafield tag="650" ind1="4" ind2="0">
    <subfield code="a">Derecho penal</subfield>
    <subfield code="9">17405</subfield>
    <subfield code="z">Rep&#xFA;blica Dominicana</subfield>
  </datafield>
  <datafield tag="650" ind1="4" ind2="0">
    <subfield code="a">Procedimiento penal </subfield>
    <subfield code="z">Rep&#xFA;blica Dominicana</subfield>
    <subfield code="9">554</subfield>
  </datafield>
  <datafield tag="700" ind1="1" ind2=" ">
    <subfield code="a">Pina Toribio, C&#xE9;sar</subfield>
    <subfield code="e">pr&#xF3;l.</subfield>
    <subfield code="9">16867</subfield>
  </datafield>
  <datafield tag="700" ind1="1" ind2=" ">
    <subfield code="a">Moscoso Segarra, Alejandro A</subfield>
    <subfield code="d">1964-</subfield>
    <subfield code="9">62241</subfield>
  </datafield>
  <datafield tag="910" ind1=" " ind2=" ">
    <subfield code="a">Validado. Control de calidad MFF</subfield>
  </datafield>
  <datafield tag="942" ind1=" " ind2=" ">
    <subfield code="2">ddc</subfield>
    <subfield code="c">LBS1</subfield>
  </datafield>
  <datafield tag="952" ind1=" " ind2=" ">
    <subfield code="0">0</subfield>
    <subfield code="1">0</subfield>
    <subfield code="2">ddc</subfield>
    <subfield code="5">1</subfield>
    <subfield code="7">0</subfield>
    <subfield code="8">PD</subfield>
    <subfield code="a">BNPHU</subfield>
    <subfield code="b">BNPHU</subfield>
    <subfield code="c">HD</subfield>
    <subfield code="d">2020-10-29</subfield>
    <subfield code="e">Donado Dom&#xED;nico Americano 25-01-2020</subfield>
    <subfield code="o">BNPHU PD 345.05 R426c 2006</subfield>
    <subfield code="p">2022-2713</subfield>
    <subfield code="r">2020-10-29</subfield>
    <subfield code="w">2020-10-29</subfield>
    <subfield code="y">LBS1</subfield>
  </datafield>
  <datafield tag="952" ind1=" " ind2=" ">
    <subfield code="0">0</subfield>
    <subfield code="1">0</subfield>
    <subfield code="2">ddc</subfield>
    <subfield code="5">1</subfield>
    <subfield code="7">0</subfield>
    <subfield code="8">PD</subfield>
    <subfield code="a">BNPHU</subfield>
    <subfield code="b">BNPHU</subfield>
    <subfield code="c">HD</subfield>
    <subfield code="d">2021-07-15</subfield>
    <subfield code="e">Donado por CERTV  07-2018</subfield>
    <subfield code="o">BNPHU PD 345.05 R426c 2006 </subfield>
    <subfield code="p">2021-25141</subfield>
    <subfield code="r">2021-07-15</subfield>
    <subfield code="t">e.2</subfield>
    <subfield code="w">2021-07-15</subfield>
    <subfield code="y">LBS1</subfield>
  </datafield>
  <datafield tag="999" ind1=" " ind2=" ">
    <subfield code="c">48979</subfield>
    <subfield code="d">48979</subfield>
  </datafield>
</record>
